=LDR 00000nam 2200000 4500 =001 INLIS000000000038297 =005 20130612143954 =008 ***********************************Ind** =035 ##$$0010-061300000038297 =041 ##$$a Ind =082 ##$$a 650.1 =090 ##$$a 650.1, Mas c =100 ##$$a Masterson, Michael =245 ##$$a Changing the channel, 12 cara mudah membangun bisnis milliaran dolar, Michael Masterson, Maryellen Tribby; Alih bahasa, Jessica Wibowo; Editor, Antonius Hermawan =300 ##$$a 369 hlm6c23 cm =650 ##$$a Bisnis - Sukses =700 ##$$a Tribby, Maryellen =850 ##$$a NBPNMAT =990 ##$$a 87228722 =990 ##$$a 01201708722